[Event "3 Arrows Cup"]
[Site "Jinan CHN"]
[Date "2005.04.14"]
[Round "2"]
[White "Skripchenko,A"]
[Black "Navabi,S"]
[Result "1-0"]
[WhiteElo "2453"]
[BlackElo "2122"]
[EventDate "2005.04.14"]

1. Nf3 Nf6 2. g3 e6 3. Bg2 d5 4. d3 Bd6 5. O-O c6 6. Nbd2 O-O 7. e4 e5 8.
c3 Nbd7 9. Qc2 Qc7 10. Re1 b6 11. d4 dxe4 12. Ng5 Bb7 13. Ndxe4 exd4 14.
Nxd6 Qxd6 15. Bf4 Qc5 16. Rad1 h6 17. Ne4 Nxe4 18. Rxe4 Rfe8 19. Rexd4 Nf6
20. h3 Nd5 21. Bc1 Qe7 22. Re4 Qf8 23. c4 Rxe4 24. Qxe4 Nf6 25. Qd3 Qe7 26.
Bf4 Re8 27. b3 c5 28. Qd6 Qxd6 29. Rxd6 Re1+ 30. Kh2 Bxg2 31. Kxg2 Re2 32.
a4 Rb2 33. Rd3 1-0

[Event "3 Arrows Cup"]
[Site "Jinan CHN"]
[Date "2005.04.14"]
[Round "2"]
[White "Machalova,V"]
[Black "Nebolsina,V"]
[Result "1/2-1/2"]
[WhiteElo "2176"]
[BlackElo "2302"]
[EventDate "2005.04.14"]

1. e4 c5 2. Nf3 Nc6 3. d4 cxd4 4. Nxd4 Nf6 5. Nc3 e5 6. Ndb5 d6 7. Bg5 a6
8. Na3 b5 9. Nd5 Be7 10. Bxf6 Bxf6 11. c3 O-O 12. Be2 Bg5 13. Nc2 Rb8 14.
O-O Ne7 15. Ncb4 Nxd5 16. Nxd5 Be6 17. Qd3 f5 18. Bf3 f4 19. Rfd1 Qc8 20.
Rd2 Qb7 21. Qe2 Kh8 22. a4 bxa4 23. Rxa4 Bd7 24. Rb4 Qa7 25. Rxb8 Rxb8 26.
Nb4 a5 27. Nd5 Bb5 28. Qd1 Bc6 29. Qc2 Qb7 30. h3 h6 31. Kh2 Kh7 1/2-1/2

[Event "3 Arrows Cup"]
[Site "Jinan CHN"]
[Date "2005.04.15"]
[Round "3"]
[White "Yildiz,B"]
[Black "Andriasian,S"]
[Result "1-0"]
[WhiteElo "2156"]
[BlackElo "2263"]
[EventDate "2005.04.14"]

1. e4 e5 2. Nc3 Nf6 3. g3 Bc5 4. Bg2 O-O 5. d3 c6 6. Bg5 d6 7. Qd2 b5 8.
Nf3 Nbd7 9. O-O h6 10. Be3 Bb4 11. a3 Ba5 12. b4 Bc7 13. a4 bxa4 14. Rxa4
Nb6 15. Raa1 d5 16. exd5 Nfxd5 17. Nxd5 cxd5 18. Bxb6 Bxb6 19. Nxe5 Bb7 20.
d4 Rc8 21. c4 f6 22. c5 fxe5 23. cxb6 Qxb6 24. dxe5 Rcd8 25. Ra5 d4 26.
Bxb7 Qxb7 27. Rfa1 Qe4 28. Re1 Qb7 29. e6 Qe7 30. Rae5 Rf6 31. b5 Rd6 32.
R1e4 d3 33. Re3 Rfxe6 34. Rxe6 Rxe6 35. Rxe6 Qxe6 36. Qxd3 Qe5 37. h3 Qe1+
38. Kg2 Qe5 39. Qc4+ Kh7 40. Qc2+ Kh8 41. Qc6 Qd4 42. Qc8+ Kh7 43. Qf5+ Kh8
44. h4 Qb6 45. Qd5 Kh7 46. g4 Qc7 47. Qe4+ Kh8 48. g5 hxg5 49. hxg5 Kg8 50.
Qe8+ Kh7 51. Qh5+ Kg8 52. g6 Qd6 53. Qf5 Qe7 54. Qc8+ Qf8 55. Qc4+ 1-0

[Event "3 Arrows Cup"]
[Site "Jinan CHN"]
[Date "2005.04.15"]
[Round "3"]
[White "Siti,Z"]
[Black "Hou Yifan"]
[Result "1-0"]
[WhiteElo "2158"]
[BlackElo "2158"]
[EventDate "2005.04.14"]

1. e4 e6 2. d3 d5 3. Nd2 Nf6 4. Ngf3 b6 5. g3 dxe4 6. dxe4 Bc5 7. Bg2 Ba6
8. c4 Qd3 9. Qe2 Qxe2+ 10. Kxe2 Nc6 11. a3 O-O-O 12. b4 Nd4+ 13. Nxd4 Bxd4
14. Ra2 Ng4 15. h3 Ne5 16. Rc2 b5 17. c5 Nc4 18. Nb3 Bf6 19. f4 Bb7 20. Bf3
Rd7 21. Rd1 Rxd1 22. Kxd1 Rd8+ 23. Ke2 h6 24. Nd2 Nxd2 25. Bxd2 Rd4 26. c6
Ba6 27. e5 Be7 28. Be3 Rc4 29. Rd2 Rc3 30. Rd7 Bd8 31. Rxf7 Rxa3 32. Bg4
Ra2+ 33. Bd2 Rc2 34. Bxe6+ Kb8 35. Rf8 1-0

[Event "3 Arrows Cup"]
[Site "Jinan CHN"]
[Date "2005.04.15"]
[Round "4"]
[White "Andriasian,S"]
[Black "Siti,Z"]
[Result "1-0"]
[WhiteElo "2263"]
[BlackElo "2158"]
[EventDate "2005.04.14"]

1. e4 c5 2. Nf3 Nc6 3. Bb5 g6 4. O-O Bg7 5. c3 Nf6 6. Re1 O-O 7. d4 cxd4 8.
cxd4 a6 9. Ba4 d6 10. Nc3 b5 11. Bc2 Bb7 12. a3 Nd7 13. Be3 Na5 14. Qc1 Nc4
15. Bh6 Rc8 16. Bxg7 Kxg7 17. Bd3 Ndb6 18. Qb1 Qd7 19. Ne2 f5 20. Ng3 f4
21. Nf1 Na5 22. d5 Nb3 23. Ra2 e5 24. Bc2 Nc5 25. b3 Qe7 26. Qd1 g5 27. h3
h5 28. N1h2 Rc7 29. g4 fxg3 30. fxg3 Bc8 31. Qd2 g4 32. hxg4 hxg4 33. Nh4
Bd7 34. Bd1 Rh8 35. Bxg4 Bxg4 36. Nxg4 Rxh4 37. gxh4 Qxh4 38. Nh2 Kh7 39.
Kh1 Nxb3 40. Qe2 Nd4 41. Qf1 Na4 42. Rf2 Qh5 43. Re3 Qg6 44. Rh3+ Kg7 45.
Rg2 1-0

[Event "3 Arrows Cup"]
[Site "Jinan CHN"]
[Date "2005.04.16"]
[Round "5"]
[White "Nebolsina,V"]
[Black "Hou Yifan"]
[Result "1/2-1/2"]
[WhiteElo "2302"]
[BlackElo "2158"]
[EventDate "2005.04.14"]

1. d4 Nf6 2. Nf3 c5 3. d5 e6 4. c4 exd5 5. cxd5 d6 6. Nc3 g6 7. e4 a6 8. a4
Bg4 9. Qb3 Bxf3 10. Qxb7 Bxg2 11. Bxg2 Nbd7 12. O-O Qb8 13. Qc6 Kd8 14. a5
Ne5 15. Qa4 Bg7 16. Rd1 Qa7 17. h3 Rb8 18. Be3 Nh5 19. f4 Bh6 20. Ne2 Rxb2
21. Ra2 Qb8 22. Bd2 Rxd2 23. Rdxd2 Nxf4 24. Nxf4 Bxf4 25. Rdb2 Qa7 26. Rb6
Nd7 27. Qc6 Nb8 28. Qb7 Qxb7 29. Rxb7 Nd7 30. Rab2 c4 31. Rc2 Kc8 32. Rb4
Ne5 33. Bf1 Be3+ 34. Kg2 Bc5 35. Ra4 Kb7 36. Bxc4 Ka7 37. Rb2 f5 38. Be2 f4
39. Rb3 Rc8 40. Ra2 Re8 41. Rab2 Re7 42. Rb8 Rf7 43. R8b3 Be3 44. Bf3 Nc4
45. Ra2 Bc5 46. Kf1 g5 47. Ke2 Ne5 48. Rab2 Nc4 49. Ra2 Ne5 50. Rab2 Nc4
51. Ra2 1/2-1/2

[Event "3 Arrows Cup"]
[Site "Jinan CHN"]
[Date "2005.04.16"]
[Round "6"]
[White "Hou Yifan"]
[Black "Navabi,S"]
[Result "1-0"]
[WhiteElo "2158"]
[BlackElo "2122"]
[EventDate "2005.04.14"]

1. e4 e5 2. Nf3 Nf6 3. d4 Nxe4 4. Bd3 Nc6 5. Bxe4 d5 6. Bd3 e4 7. Be2 exf3
8. Bxf3 Be7 9. O-O O-O 10. Be3 Bf6 11. Nc3 Be6 12. Ne2 Bf5 13. Nf4 Be4 14.
Bg4 Re8 15. c3 Rb8 16. Qd2 Bg6 17. Rae1 Ne7 18. Nxg6 hxg6 19. Bf4 Kf8 20.
Qe3 Nf5 21. Qxe8+ Qxe8 22. Rxe8+ Rxe8 23. Bxc7 Rc8 24. Bf4 b5 25. Re1 b4
26. Bxf5 gxf5 27. Bd6+ Kg8 28. Bxb4 Rb8 29. g3 g6 30. Ba3 a5 31. Kg2 Kg7
32. f4 g5 33. Kf3 g4+ 34. Ke3 Rh8 35. Re2 Bd8 36. Bd6 f6 37. Kd3 Bb6 38. a4
Kf7 39. b4 Ra8 40. Re7+ Kg6 41. Rb7 axb4 42. Rxb6 bxc3 43. Rb4 c2 44. Kxc2
Rh8 45. Rb3 Rxh2+ 46. Kc3 Ra2 47. Kb4 Rd2 48. Bc5 Rc2 49. a5 Rc4+ 50. Kb5
Rc1 51. a6 1-0

[Event "3 Arrows Cup"]
[Site "Jinan CHN"]
[Date "2005.04.16"]
[Round "6"]
[White "Andriasian,S"]
[Black "Nebolsina,V"]
[Result "1/2-1/2"]
[WhiteElo "2263"]
[BlackElo "2302"]
[EventDate "2005.04.14"]

1. e4 c5 2. Nf3 Nc6 3. d4 cxd4 4. Nxd4 Nf6 5. Nc3 e5 6. Ndb5 d6 7. Bg5 a6
8. Na3 b5 9. Bxf6 gxf6 10. Nd5 Bg7 11. g3 f5 12. Bg2 fxe4 13. Bxe4 Be6 14.
Qh5 Rc8 15. c3 Ne7 16. Nxe7 Qxe7 17. O-O d5 18. Bf5 Bxf5 19. Qxf5 O-O 20.
Nc2 Qe6 21. Qd3 Qg6 22. Qxg6 hxg6 23. Nb4 d4 24. Nxa6 dxc3 25. bxc3 Rxc3
26. a4 bxa4 27. Rxa4 Ra8 28. Nc5 Rxa4 29. Nxa4 Rc4 30. Nb2 Rd4 31. Rd1 e4
1/2-1/2

[Event "3 Arrows Cup"]
[Site "Jinan CHN"]
[Date "2005.04.16"]
[Round "6"]
[White "Schneider,Ve"]
[Black "Machalova,V"]
[Result "1/2-1/2"]
[WhiteElo "2241"]
[BlackElo "2176"]
[EventDate "2005.04.14"]

1. e4 c5 2. c3 d5 3. exd5 Qxd5 4. d4 Nf6 5. Nf3 Bg4 6. dxc5 Qxc5 7. Be3 Qc7
8. Na3 a6 9. h3 Bh5 10. Qa4+ Nc6 11. Bf4 Qa5 12. Qxa5 Nxa5 13. g4 Bg6 14.
Ne5 e6 15. Nac4 Nxc4 16. Bxc4 O-O-O 17. Ke2 Bc5 18. f3 Nd5 19. Bd2 Nb6 20.
Bb3 Nd7 21. Nxg6 hxg6 22. Bf4 Nf6 23. Be5 Rh7 24. Rad1 Rdh8 25. Ba4 Rxh3
26. Rxh3 Rxh3 27. Bxf6 gxf6 28. Bd7+ Kb8 29. b4 Bb6 30. Be8 Rh2+ 31. Kd3
Rf2 32. Bxf7 Rxf3+ 33. Kc2 e5 34. Bxg6 Rf4 35. Bf5 e4 36. c4 Bf2 37. Rd8+
Ka7 38. Re8 e3 39. Kd3 Bg1 40. a3 Rf1 41. Re7 Rd1+ 42. Ke2 Rd2+ 43. Ke1 Ra2
44. Be4 Bh2 45. Rxb7+ Ka8 46. Rb6+ Ka7 47. Rb7+ Ka8 48. Rb6+ 1/2-1/2

[Event "3 Arrows Cup"]
[Site "Jinan CHN"]
[Date "2005.04.18"]
[Round "7"]
[White "Siti,Z"]
[Black "Skripchenko,A"]
[Result "0-1"]
[WhiteElo "2158"]
[BlackElo "2453"]
[EventDate "2005.04.14"]

1. e4 c5 2. Nc3 e6 3. f4 Nc6 4. Nf3 a6 5. g3 d5 6. Bg2 Nf6 7. e5 Nd7 8. O-O
Be7 9. Kh1 O-O 10. d4 b5 11. Ne2 b4 12. Be3 a5 13. h4 Ba6 14. Rf2 Rc8 15.
dxc5 Bxe2 16. Rxe2 Bxc5 17. Bxc5 Nxc5 18. Nd4 Qb6 19. Nxc6 Rxc6 20. Qd2 Na4
21. Rb1 Rfc8 22. f5 Qc5 23. Qf4 exf5 24. Qxf5 Re6 25. Rf1 Rf8 26. Qf3 Nb6
27. Bh3 Ree8 28. h5 Qe7 29. Qg4 Nc4 30. h6 g6 31. e6 f6 32. Qd4 Rd8 33.
Ref2 Ne5 34. Qh4 g5 35. Qd4 Rd6 36. Bf5 Rfd8 37. Kg1 Rc6 38. Bxh7+ Kxh7 39.
Rxf6 Rxe6 40. R6f5 g4 41. Qf4 Rd7 42. Rg5 Ng6 43. Qxg4 Qc5+ 44. Kh1 Rde7
45. Qf5 Qc4 46. Rf4 Re1+ 47. Kg2 R7e2+ 48. Kh3 Qxc2 0-1

[Event "3 Arrows Cup"]
[Site "Jinan CHN"]
[Date "2005.04.18"]
[Round "8"]
[White "Yildiz,B"]
[Black "Nebolsina,V"]
[Result "0-1"]
[WhiteElo "2156"]
[BlackElo "2302"]
[EventDate "2005.04.14"]

1. d4 d5 2. Nf3 Nf6 3. e3 c6 4. Bd3 g6 5. b3 Bg7 6. Bb2 O-O 7. O-O Bf5 8.
Qe2 Nbd7 9. Nbd2 Re8 10. e4 dxe4 11. Nxe4 Nxe4 12. Bxe4 Bxe4 13. Qxe4 Nf6
14. Qe2 Qc7 15. Ne5 e6 16. Rad1 Rad8 17. c4 Nd7 18. Nf3 c5 19. dxc5 Nxc5
20. Bxg7 Kxg7 21. Qb2+ f6 22. Nd4 e5 23. Nb5 Qb6 24. Nc3 Nd3 25. Qc2 Nf4
26. Qe4 Qc6 27. Qxc6 bxc6 28. b4 Rd4 29. g3 Ne6 30. Rxd4 exd4 31. Ne4 f5
32. Nd6 Rd8 33. c5 a5 34. a3 axb4 35. axb4 Rb8 36. Re1 Kf6 37. b5 cxb5 38.
c6 Nc7 39. Nb7 Re8 40. Rd1 Ke5 41. Nc5 Rd8 42. Nb7 Rd5 43. Kf1 d3 44. Ke1
Kd4 45. Rd2 b4 46. Rd1 Re5+ 47. Kd2 Re2+ 48. Kc1 Rc2+ 49. Kb1 Nb5 0-1

[Event "3 Arrows Cup"]
[Site "Jinan CHN"]
[Date "2005.04.19"]
[Round "11"]
[White "Hou Yifan"]
[Black "Andriasian,S"]
[Result "1-0"]
[WhiteElo "2158"]
[BlackElo "2263"]
[EventDate "2005.04.14"]

1. e4 c5 2. Nf3 d6 3. d4 cxd4 4. Nxd4 Nf6 5. Nc3 a6 6. Be2 e5 7. Nb3 Be6 8.
Be3 Be7 9. Nd5 Nbd7 10. Qd3 Bxd5 11. exd5 Rc8 12. O-O O-O 13. c4 b6 14. f3
Nc5 15. Qd2 Nfd7 16. f4 Bf6 17. fxe5 Bxe5 18. Nd4 Qh4 19. Nf3 Qe4 20. Rae1
Rce8 21. b4 Bc3 22. Qxc3 Na4 23. Qb3 Qxe3+ 24. Rf2 Qxb3 25. axb3 Nc3 26.
Bd3 Rxe1+ 27. Nxe1 Ne5 28. Rc2 Nd1 29. Be2 Ne3 30. Ra2 Ra8 31. Nd3 Nxd3 32.
Bxd3 g6 33. h3 a5 34. Kf2 Nd1+ 35. Kf3 Nc3 36. Ra1 Rb8 37. bxa5 bxa5 38.
Bc2 a4 39. bxa4 Rb4 40. Ke3 Rxc4 41. Kd3 Rc7 42. Bb3 f5 43. Rc1 Nb5 44. Rc6
1-0